| 000 | 00653nam a22002177a 4500 | ||
|---|---|---|---|
| 003 | OSt | ||
| 005 | 20160524113702.0 | ||
| 008 | 130311t xxu||||| |||| 00| 0 eng d | ||
| 020 | _a9789814371322 | ||
| 050 |
_aRC 78.5 _b.B722 2014 |
||
| 100 |
_aBontrager, Kenneth _97689 |
||
| 245 |
_aTextbook of radiographic positioning and related anatomy / _cKenneth L. Bontrager, John Lampignano. |
||
| 250 | _a8th edition. | ||
| 260 |
_aSingapore : _bMosby Elsevier; _c2014. |
||
| 300 |
_axix, 826 pages : _billustrations ; _c28 cm. |
||
| 500 | _aIncludes appendix and index. | ||
| 562 | _e2 | ||
| 942 |
_2lcc _cBK |
||
| 999 |
_c294940 _d294940 |
||